Entry Personal Name
Number of records used in: 1
001 - CONTROL NUMBER
003 - CONTROL NUMBER IDENTIFIER
005 - DATE AND TIME OF LATEST TRANSACTION
- control field:
20210914104827.0
008 - FIXED-LENGTH DATA ELEMENTS
- fixed length control field:
901129n| azannaabn |a aaa c
010 ## - LIBRARY OF CONGRESS CONTROL NUMBER
- LC control number:
n 90719215
035 ## - SYSTEM CONTROL NUMBER
- System control number:
(OCoLC)oca02857779
040 ## - CATALOGING SOURCE
- Original cataloging agency:
ICU
- Language of cataloging:
eng
- Description conventions:
rda
- Transcribing agency:
ICU
- Modifying agency:
ScU
100 1# - HEADING--PERSONAL NAME
- Personal name:
Cullity, B. D.
- Fuller form of name:
(Bernard Dennis)
372 ## - FIELD OF ACTIVITY
- Field of activity:
Magnetism
- Source of term:
lcsh
374 ## - OCCUPATION
- Occupation:
Authors
- Source of term:
lcsh
377 ## - ASSOCIATED LANGUAGE
400 1# - SEE FROM TRACING--PERSONAL NAME
- Control subfield:
nna
- Personal name:
Cullity, Bernard Dennis
670 ## - SOURCE DATA FOUND
- Source citation:
LC data base, 11-29-90
- Information found:
(hdg.: Cullity, Bernard Dennis; usage: B.D. Cullity)